000 00743nam a2200253Ia 4500
001 19723
003 DO-CoUTE
005 20260204212611.0
008 220104s9999 dr 000 0 spa d
020 _a978-958-725-099-2
040 _aDO-CoUTE
_bspa
_cDO-CoUTE
041 0 _aspa
082 _a635.643 B685m
100 1 _aBojacá, Carlos
245 1 0 _aManual de producción de pigmentón bajo invernadero / Carlos Bojacá, Oscar Monsalve
260 _aBogotá, Colombia : Editorial Universidad de Bogotá
300 _a199 páginas
650 4 _aCultivo de invernadero
650 4 _aPimentón-cultivo
700 1 _aMonsalve, Oscar
942 _2ddc
_cBK
999 _c21060
_d21060